Zmluva medzi Slovenskou republikou a Kanadou o sociálnom zabezpečení...

Zmluva medzi SR a Kanadou o sociálnom zabezpečení a Správna dohoda o vykonávaní Zmluvy medzi SR a Kanadou o sociálnom zabezpečení a ich uplatňovanie v dôchodkovom zabezpečení nadobudla účinnosť 1.1.2003. Systém dôchodkového poistenia Kanady. Nárok na dôchodok a výplatu dôchodku zo SR. Zohľadnenie do...

Descrizione completa

Salvato in:
Dettagli Bibliografici
Autore principale: Repáňová, Adriana
Natura: Capitolo di libro
Lingua:slovacco
Soggetti:
Tags: Aggiungi Tag
Nessun Tag, puoi essere il primo ad aggiungerne!!

MARC

LEADER 00000naa a2200000 4500
001 r048773
005 20230925073240.9
041 0 |a slo 
044 |a SK 
245 1 0 |a Zmluva medzi Slovenskou republikou a Kanadou o sociálnom zabezpečení...  |c Adriana Repáňová 
520 |a Zmluva medzi SR a Kanadou o sociálnom zabezpečení a Správna dohoda o vykonávaní Zmluvy medzi SR a Kanadou o sociálnom zabezpečení a ich uplatňovanie v dôchodkovom zabezpečení nadobudla účinnosť 1.1.2003. Systém dôchodkového poistenia Kanady. Nárok na dôchodok a výplatu dôchodku zo SR. Zohľadnenie doby poistenia Kanady a tretieho štátu. 
610 2 0 |a zabezpečenie sociálne 
610 2 0 |a Slovensko 
610 2 0 |a Kanada 
610 2 0 |a zabezpečenie dôchodkové 
610 2 0 |a poistenie dôchodkové 
610 2 0 |a dôchodky starobné 
610 2 0 |a zmluvy medzinárodné 
100 1 |a Repáňová, Adriana